000 00620nam a2200229Ia 4500
003 OSt
005 20220926043555.0
006 a|||||r|||| 00| 0
007 ta
008 220923b |||||||| |||| 00| 0 eng d
037 _cGeneral Book
040 _aRTL
_cRTL
_beng
041 _2eng
_aeng
082 _aZ1-1v, K3
100 _aKempin Frederick G
_9347960
245 0 _aLegal history, law and social change
260 _c1963
490 _aFoundations of Law in a Business Society Series
650 _aLaw
_97240
942 _hZ1-1v, K3
_cGB
_2CC
999 _c672699
_d672699